| 000 | 01032nas a2200253 i 4500 | ||
|---|---|---|---|
| 003 | INTEC | ||
| 005 | 20250604144529.0 | ||
| 007 | ta | ||
| 008 | 250604e2014 dr xxp|r||| |||| |0spa dng d | ||
| 040 |
_aDO-SdINT _bspa _erda _cDO-SdINT _dDO-SdBNP |
||
| 041 | _aspa | ||
| 044 |
_adr _cDO |
||
| 072 | _aCSH | ||
| 110 |
_939238 _aInstituto Tecnológico de Santo Domingo |
||
| 245 |
_aMemoria institucional 2013 / _bInstituto Tecnológico de Santo Domingo. |
||
| 264 | 1 |
_aSanto Domingo, República Dominicana : _bInstituto Tecnológico de Santo Domingo, _c2014. |
|
| 300 |
_avolumen : _bilustraciones, fotografías, gráficas ; _c29 cm. |
||
| 336 |
_atexto _btxt _2rdacontent |
||
| 337 |
_asin mediación _bn _2rdamedia |
||
| 338 |
_avolumen _bnc _2rdacarrier |
||
| 610 | 0 |
_939238 _aInstituto Tecnológico de Santo Domingo _vMemorias e informes |
|
| 856 |
_uhttps://repositoriobiblioteca.intec.edu.do/bitstream/handle/123456789/5989/Memoria%20Institucional%202013.pdf?sequence=1&isAllowed=y _yAcceso a Texto Completo |
||
| 942 |
_2ddc _cISSUE |
||
| 999 |
_c59143 _d59143 |
||